Visualizzazione normale
Vista MARC
- Daisley Bob
di Personal Name
Records bibliografici associati: 1
001 - CONTROL NUMBER
- control field: 28477
003 - CONTROL NUMBER IDENTIFIER
- control field: IT-RoPau
005 - DATE AND TIME OF LATEST TRANSACTION
- control field: 20140604125427.0
008 - FIXED-LENGTH DATA ELEMENTS
- fixed length control field: 140604|| aca||aabn | a|a d
040 ## - CATALOGING SOURCE
- Original cataloging agency: IT-RoPau
- Transcribing agency: IT-RoPau
100 ## - HEADING--PERSONAL NAME
- Personal name: Daisley Bob
- Relator term: Autore
- Miscellaneous information: Codice autore SPICS: 36823
670 ## - SOURCE DATA FOUND
- Source citation: Work cat.: (IT-RoPau)101993: Osbourne Ozzy 28473, Blizzard of Ozz